|
|
|
|
| LEADER |
01704nam a2200289 a 4500 |
| 001 |
GR-Antirio765 |
| 008 |
090515s2004 mau b 001 0 gre d |
| 020 |
|
|
|a 0321136209
|
| 040 |
|
|
|a GrPaTEI
|b gre
|c GR-PaULI
|
| 040 |
|
|
|a GrPaTEI
|b gre
|c GR-PaULI
|
| 040 |
|
|
|a GrPaTEI
|b gre
|c GR-PaULI
|
| 082 |
|
0 |
|a 005.8
|2 21
|
| 100 |
0 |
|
|a Edney, Jon
|
| 245 |
1 |
0 |
|a Real 802.11 security :
|b Wi-Fi protected access and 802.11 i /
|c Edney, Jon and Arbaugh, William A.
|
| 260 |
|
|
|a Boston, MA. :
|b Addison-Wesley,
|c c 2004
|
| 300 |
|
|
|a xxi. , 451 σ. :
|b iil. ;
|c 24 εκ.
|
| 504 |
|
|
|a Περιλαμβάνει βιβλιογραφίες και ευρετήριο.
|
| 650 |
|
0 |
|a IEEE802.11 (STANDARD)
|
| 653 |
|
|
|a WIRELESS LANs--SECURITY MEASURES
|
| 700 |
0 |
|
|a Arbaugh, William A.
|
| 942 |
|
|
|2 ddc
|
| 952 |
|
|
|0 0
|1 0
|2 ddc
|4 0
|6 005_800000000000000_EDN
|7 0
|9 262162
|a LISK-2
|b LISK-2
|c BSC
|d 2021-01-17
|e 24
|f 0
|g 0.00
|l 0
|o 005.8 EDN
|p 2430000007188
|r 2021-01-17 00:00:00
|t 1
|w 2021-01-17
|y BK15
|x 20090515 0 1
|x GrPaTEI - Antirrio
|
| 952 |
|
|
|0 0
|1 0
|2 ddc
|4 0
|6 005_800000000000000_EDN
|7 0
|9 262163
|a LISK-2
|b LISK-2
|c BSC
|d 2021-01-17
|e 24
|f 0
|g 0.00
|l 0
|o 005.8 EDN
|p 2430000007189
|r 2021-01-17 00:00:00
|t 1
|w 2021-01-17
|y BK15
|x 20090515 0 1
|x GrPaTEI - Antirrio
|
| 952 |
|
|
|0 0
|1 0
|2 ddc
|4 0
|6 005_800000000000000_EDN
|7 0
|9 321084
|a MSLG
|b MSLG
|c BSC
|d 2021-01-23
|e 24
|f 0
|g 0.00
|l 0
|o 005.8 EDN
|p 2420000022592
|r 2021-01-23 00:00:00
|t 1
|w 2021-01-23
|y BK15
|x 20070925 0 ΓΑΒΡΙΝΑ 1
|x GrPaTEI
|
| 952 |
|
|
|0 0
|1 0
|2 ddc
|4 0
|6 005_800000000000000_EDN
|7 0
|9 321085
|a MSLG
|b MSLG
|c BSC
|d 2021-01-23
|e 24
|f 0
|g 0.00
|l 0
|o 005.8 EDN
|p 2420000022593
|r 2021-01-23 00:00:00
|t 1
|w 2021-01-23
|y BK15
|x 20070925 0 ΓΑΒΡΙΝΑ 1
|x GrPaTEI
|
| 971 |
|
|
|a .b25705647
|b 01-10-20
|c 12-09-16
|
| 999 |
|
|
|c 151199
|d 151199
|